00746nam a22001935i 4500001000700000003000900007005001700016008004100033040002000074100004400094245010600138250001300244260008600257300002700343700004400370700004400414710002800458852006600486166570ES-MaACL20240524063010.0050919s1862 fr | |||||||| ||fre d aCAM bspa cCAM1 aTurguenev, Ivan Sergueevich,d1818-188310aDimitri Roudine b: ; suivi du Journal d'un homme de trop et de Trois rencontres / cIvan Tourguenef. a5e éd. aParis : bJ. Hetzel et C., éditeurs, c[s.a.] (fImprimerie E. Capiomont et C.) a341, [2] p. ; c19 cm.1 aTurguenev, Ivan Sergueevich,d1818-18831 aTurguenev, Ivan Sergueevich,d1818-18831 aHetzel, J. et C., eed. aES-MaACLjF-9723 z-- Enc. hol., conservando la cub. original